<?xml version="1.0" encoding="UTF-8"?>
<marc:record xmlns:marc="http://www.loc.gov/MARC21/slim">
   <marc:leader>00000nam a2200000 a 4500</marc:leader>
   <marc:datafield ind1="1" ind2=" " tag="100">
      <marc:subfield code="a">Reich, Stefanie</marc:subfield>
      <marc:subfield code="4">aut</marc:subfield>
      <marc:subfield code="e">Verfasser/-in</marc:subfield>
   </marc:datafield>
   <marc:datafield ind1=" " ind2=" " tag="653">
      <marc:subfield code="a">Antolin</marc:subfield>
   </marc:datafield>
   <marc:datafield ind1=" " ind2=" " tag="653">
      <marc:subfield code="a">Klasse-2</marc:subfield>
   </marc:datafield>
   <marc:datafield ind1="0" ind2="0" tag="245">
      <marc:subfield code="a">Otto fährt los - eine Reise nach England</marc:subfield>
   </marc:datafield>
   <marc:datafield ind1=" " ind2="1" tag="264">
      <marc:subfield code="b">arsEdition</marc:subfield>
      <marc:subfield code="c">2026</marc:subfield>
   </marc:datafield>
   <marc:datafield ind1="1" ind2=" " tag="490">
      <marc:subfield code="a">OTTO fährt los</marc:subfield>
   </marc:datafield>
   <marc:datafield ind1="1" ind2=" " tag="520">
      <marc:subfield code="a">Du denkst, OTTO ist ein ganz normaler Campingbus, den Freda, Arthur und Papa Martin für einen Urlaub mieten? So ein Quatsch: Er ist ein echter Zauberbus!
Und hat sogar noch Platz für ganz viele Leckereien, die sie Aunty Lilly und Dackel Daisy nach England mitbringen können. 

In diesen Sommerferien erleben OTTO und seine Urlaubsfamilie mal wieder einen kunterbunten Reigen an Abenteuern:
Detektivspielen mit Sherlock Holmes in London, Campen auf den schönsten Küstenstellplätzen, Besuche von sagenhaften Burgruinen und Robin-Hood-Wäldern. Und natürlich dürfen die Queen, Teatime, Fish and Chips und die Beatles nicht fehlen. Bis es am Ende wieder heißt: "See you later, Otto-gater."
</marc:subfield>
   </marc:datafield>
   <marc:datafield ind1=" " ind2=" " tag="020">
      <marc:subfield code="a">9783845858920</marc:subfield>
      <marc:subfield code="9">9783845858920</marc:subfield>
   </marc:datafield>
</marc:record>
